LEADER 01375nam2-2200421---450- 001 990002689420203316 005 20100825145608.0 010 $a1-84171-399-6 035 $a000268942 035 $aUSA01000268942 035 $a(ALEPH)000268942USA01 035 $a000268942 100 $a20051123d2005----km-y0itay0103----ba 101 $afre 102 $aGB 105 $a||||||||001yy 200 1 $aRuissellement et formation des sites préhistoriques$eréférentiel actualiste et exemples d'application au fossile$fArnaud Lenoble 210 $aOxford$cArchaeopress$d2005 215 $aII, 216 p.$cill.$d30 cm 225 2 $aBAR international series$v1363 410 0$1001000018484$aBAR international series$v1363 454 1$12001 461 1$1001-------$12001 606 0 $aArcheologia$xMetodologia 606 0 $aFossili 676 $a930.1028 700 1$aLENOBLE,$bArnaud$0592167 801 0$aIT$bsalbc$gISBD 912 $a990002689420203316 951 $aXI.5. Coll.12/ 77(X B Coll. 53/1363)$b180835 L.M.$cX B Coll.$d00128277 959 $aBK 969 $aUMA 979 $aVITALE$b90$c20051123$lUSA01$h1708 979 $aCOPAT1$b90$c20060412$lUSA01$h0918 979 $aPATRY$b90$c20100825$lUSA01$h1456 979 $aCHIARA$b90$c20160209$lUSA01$h0950 996 $aRuissellement et formation des sites préhistoriques$91003133 997 $aUNISA LEADER 01627nam 2200409 a 450 001 9910693050703321 005 20041006090146.0 035 $a(CKB)5470000002358998 035 $a(OCoLC)56631562 035 9 $aocm56631562 035 $a(OCoLC)995470000002358998 035 $a(EXLCZ)995470000002358998 100 $a20041006d2004 ua 0 101 0 $aeng 135 $aurmn|||||| 181 $ctxt$2rdacontent 182 $cc$2rdamedia 183 $acr$2rdacarrier 200 10$aFood Stamp Program$b[electronic resource] $eFarm Bill options ease administrative burden, but opportunities exist to streamline participant reporting rules among programs : report to the Committee on Agriculture, Nutrition, and Forestry, U.S. Senate 210 1$a[Washington, D.C.] :$cU.S. Government Accountability Office,$d[2004] 300 $aTitle from title screen (viewed on Oct. 5, 2004). 300 $a"September 2004." 300 $aPaper version available from: U.S. Government Accountability Office, 441 G St., NW, Rm. LM, Washington, D.C. 20548. 300 $a"GAO-04-916." 320 $aIncludes bibliographical references. 517 $aFood Stamp Program 606 $aFood stamps$zUnited States$xEvaluation 606 $aPoor$xServices for$zUnited States$xEvaluation 615 0$aFood stamps$xEvaluation. 615 0$aPoor$xServices for$xEvaluation. 712 02$aUnited States.$bCongress.$bSenate.$bCommittee on Agriculture, Nutrition, and Forestry. 801 0$bGPO 801 1$bGPO 906 $aBOOK 912 $a9910693050703321 996 $aFood Stamp Program$93426048 997 $aUNINA